Statistics for 10 Biggest Country Subdivisions

Click here to take the quiz!

General Stats

  • This quiz has been taken 93 times
  • The average score is 7 of 10

Answer Stats

RankCountrySubdivision% Correct
7USAAlaska
96%
4DenmarkGreenland
94%
2AustraliaWestern Australia
84%
6AustraliaQueensland
82%
5CanadaNunavut
78%
10CanadaQuebec
73%
9BrazilAmazonas
61%
8ChinaXinjiang
48%
1RussiaSakha Republic
41%
3RussiaKrasnoyarsk Krai
34%

Score Distribution

Percentile by Number Answered

Percent of People with Each Score

Your Score History

You have not taken this quiz